Un decalogo per i genitori italiani (Record n. 210362)

Dettagli MARC
000 -LEADER
fixed length control field 02263nam a2200217Ia 4500
001 - CONTROL NUMBER
control field b6661-47619
003 - CONTROL NUMBER IDENTIFIER
control field IT-MiCISF
008 - FIXED-LENGTH DATA ELEMENTS--GENERAL INFORMATION
fixed length control field 161014s9999||||xx |||||||||||||| ||und||
040 ## - CATALOGING SOURCE
Original cataloging agency IT-MiCISF
Transcribing agency IT-MiCISF
041 ## - LANGUAGE CODE
Language code of text/sound track or separate title it
999 ## - SYSTEM CONTROL NUMBERS (KOHA)
Koha Dewey Subclass [OBSOLETE] si
100 ## - MAIN ENTRY--PERSONAL NAME
Personal name Rosina Alessandro (a cura di)
245 #0 - TITLE STATEMENT
Title Un decalogo per i genitori italiani
Remainder of title Crescere capitani coraggiosi
250 ## - EDITION STATEMENT
Edition statement 1a ed.
260 ## - PUBLICATION, DISTRIBUTION, ETC. (IMPRINT)
Place of publication, distribution, etc. Milano
Name of publisher, distributor, etc. Vita e Pensiero
Date of publication, distribution, etc. 2009
300 ## - PHYSICAL DESCRIPTION
Extent pp. 157
500 ## - GENERAL NOTE
General note Piazza M., Besozzi E., Rosina A., Ruspini E., Laffi S., Cavalli A., Trivellato P., Regalia C., Rosci E., Micheli G.A., Scaparro F. / genitoralità, educazione-bambini, differenza-sessuale, famiglia-lunga, autorità-parentale / Genitori e insegnanti manifestano una crescente difficoltà nello svolgere la loro funzione formativa. Si parla sempre più di "emergenza educativa", conseguenza anche dell'incapacità del mondo adulto di mettersi in relazione e in sintonia con i rapidi cambiamenti che interessano la vita di bambini e ragazzi. Emerge nel contempo, però, anche una maggiore consapevolezza del proprio ruolo da parte dei genitori. Sempre più istruiti, più impegnati nel lavoro e con tempi più frammentati, ma anche sempre più attenti a inserire il loro rapporto con i figli all'interno di un quadro coerente basato su un giusto equilibrio di dialogo, contrattazione e regole. Questo libro è quindi rivolto proprio alle madri e ai padri che vogliono trasmettere ai giovani il gusto e la voglia di confrontarsi con il mondo dando il meglio di se stessi, aiutandoli a diventare parte attiva di una generazione che vuole attraversare da protagonista questo secolo. Vengono quindi proposti dieci punti aperti alla discussione, elaborati da studiose e studiosi esperti del delicato e complesso rapporto tra genitori e figli, quali possibili coordinate per orientare l'azione educativa, sapendo che - da un lato - non esistono regole assolute e che ogni figlio è una storia a sé stante, ma anche che - dall'altro lato - le fragilità e le resistenze individuali vanno controllate e negoziate sia con i figli sia con se stessi.
650 ## - SUBJECT ADDED ENTRY--TOPICAL TERM
Topical term or geographic name as entry element Genitorialità e problemi educativi / genitorialità
Relator term 004
700 ## - ADDED ENTRY--PERSONAL NAME
Personal name Ruspini Elisabetta (a cura di)
942 ## - ADDED ENTRY ELEMENTS (KOHA)
Koha item type LIBRO
957 ## -
-- 1
999 ## - SYSTEM CONTROL NUMBERS (KOHA)
-- 1
Dati di copia
Withdrawn status Lost status Damaged status Not for loan Home library Current library Date acquired Total Checkouts Full call number Date last seen Price effective from Koha item type Public note
    Buone Condizioni Not For Loan CISF - Milano CISF - Milano 14/10/2016   b6661-47619 14/10/2016 14/10/2016 LIBRO Data import 15.10.2016 / by Epidotti, Vaglietti
CREDITS: SOCIETA' SAN PAOLO Via A.Severo, 58 - ROMA (RM) & PERIODICI SAN PAOLO SRL Via Giotto, 36 MILANO & CISF Via Giotto, 36 MILANO & EDIZIONI SAN PAOLO SRL,  Piazza Soncino, 5 CINISELLO BALSAMO (MI) -- ITALY